00322 a2200133 4500001000700000020002200007040001100029100002500040240004700065245004200112300000700154362000900161440001800170190997 a978-85-06-07606-4 cMagnum aSousa, Maurício de10aO Brasil no papel em poesia de cordellpor10aO Brasil no papel em poesia de cordel a630 a2014 1aMelhoramentos